Le Palamède français : (Record no. 182887)
[ view plain ]
| 000 -LEADER | |
|---|---|
| campo de control de longitud fija | 00729nas a2200205 i 4500 |
| 001 - NÚMERO DE CONTROL | |
| campo de control | 182887 |
| 003 - IDENTIFICADOR DE NÚMERO DE CONTROL | |
| campo de control | ES-MaACL |
| 005 - FECHA Y HORA DE LA ÚLTIMA TRANSACCIÓN | |
| campo de control | 20250217134911.0 |
| 008 - DATOS DE LONGITUD FIJA--INFORMACIÓN GENERAL | |
| campo de control de longitud fija | 131125d18641865fr | | ||re d |
| 080 ## - NÚMERO DE LA CLASIFICACIÓN DECIMAL UNIVERSAL | |
| Número de la Clasificación Decimal Universal | 794.1 |
| 245 03 - MENCIÓN DEL TÍTULO | |
| Título | Le Palamède français : |
| Resto del título | revue des échecs et des autres jeux de combinaison / |
| Mención de responsabilidad, etc. | [rédacteur en chef M. Paul Journoud]. |
| 260 ## - PUBLICACIÓN, DISTRIBUCIÓN, ETC. | |
| Lugar de publicación, distribución, etc. | Paris : |
| Nombre del editor, distribuidor, etc. | Ch. Lahure, |
| Fecha de publicación, distribución, etc. | 1864-1865. |
| 300 ## - DESCRIPCIÓN FÍSICA | |
| Extensión | 1 v. (48 p.) : |
| Otras características físicas | il. ; |
| Dimensiones | 23 cm. |
| 362 0# - FECHAS DE PUBLICACIÓN Y/O DESIGNACIÓN SECUENCIAL | |
| Fecha de publicación y/o designación secuencial | N. 1 (sept. 1864)-n. 15 (nov. 1865?) |
| 650 04 - PUNTO DE ACCESO ADICIONAL DE MATERIA--TÉRMINO DE MATERIA | |
| Término de materia o nombre geográfico como elemento de entrada | Ajedrez. |
| 9 (RLIN) | 9707 |
| 700 1# - ENTRADA AGREGADA--NOMBRE PERSONAL | |
| Nombre de persona | Journoud, Paul. |
| 9 (RLIN) | 153888 |
| 852 4# - LOCALIZACIÓN | |
| Ubicación | ES-MaACL |
| Número de control de estantería | T-77-F-16 |
| Nota libre | - Enc. hol., falto de cub. original |
| -- | - Enc. en un vol. facticio |
| 866 #0 - MENCIÓN TEXTUAL DE FONDOS--UNIDAD BIBLIOGRÁFICA BÁSICA | |
| Fondos | 1864 (n. 1). |
| Estatus retirado | Estado de pérdida | Estado de daño | No para préstamo | Colección | Biblioteca de origen | Biblioteca actual | Ubicación en estantería | Fecha de adquisición | Fuente de adquisición | Total de préstamos | Signatura topográfica completa | Código de barras | Visto por última vez | Precio de reemplazo | Tipo de ítem Koha |
|---|---|---|---|---|---|---|---|---|---|---|---|---|---|---|---|
| Colección de folletos | Biblioteca del Ateneo de Madrid | Biblioteca del Ateneo de Madrid | Depósito folletos | 25/11/2013 | T-77-F-16 | 1192208 | 23/02/2023 | 23/02/2023 | Folleto |
